|
|
|
|
| LEADER |
00000naa2a2200000 4500 |
| 001 |
529952 |
| 005 |
20231101112359.0 |
| 035 |
|
|
|a (RuTPU)RU\TPU\prd\215737
|
| 035 |
|
|
|a RU\TPU\prd\215736
|
| 090 |
|
|
|a 529952
|
| 100 |
|
|
|a 20140318a1992 k y0rusy50 ca
|
| 101 |
0 |
|
|a rus
|
| 102 |
|
|
|a RU
|
| 200 |
1 |
|
|a Аномальная дисперсия поверхностного импеданса и отрицательная диэлектрическая проницаемостъ в Tl₂Ba₂Ca₂Cu₃O₁₄
|f А. С. Щербаков [и др.]
|
| 320 |
|
|
|a Библиогр.: с. 80 (15 назв.)
|
| 461 |
|
0 |
|0 (RuTPU)RU\TPU\prd\406
|t Физика металлов и металловедение
|f Российская академия наук (РАН), Уральское отделение (УрО), Институт физики металлов (ИФМ)
|d 1955-
|
| 463 |
|
0 |
|0 (RuTPU)RU\TPU\prd\110787
|t № 2
|v С. 74-80
|d 1992
|
| 610 |
1 |
|
|a труды учёных ТПУ
|
| 701 |
|
1 |
|a Щербаков
|b А. С.
|
| 701 |
|
1 |
|a Коуров
|b Д. Н.
|
| 701 |
|
1 |
|a Старцев
|b В. Е.
|
| 701 |
|
1 |
|a Валиулин
|b Э. Г.
|
| 701 |
|
1 |
|a Самойленко
|b Г. М.
|c физик
|c старший научный сотрудник Томского политехнического университета, кандидат технических наук
|f 1945-
|g Геннадий Михайлович
|2 stltpush
|3 (RuTPU)RU\TPU\pers\31785
|
| 701 |
|
1 |
|a Артеменко
|b С. Н.
|c физик
|c ведущий научный сотрудник Томского политехнического университета, доктор физико-математических наук
|f 1951-
|g Сергей Николаевич
|2 stltpush
|3 (RuTPU)RU\TPU\pers\25663
|
| 701 |
|
1 |
|a Каминский
|b В. Л.
|c физик
|c заведующий лабораторией Томского политехнического университета
|f 1942-
|g Валерий Людвигович
|2 stltpush
|3 (RuTPU)RU\TPU\pers\31792
|
| 701 |
|
1 |
|a Акимов
|b А. И.
|
| 701 |
|
1 |
|a Чернякова
|b А. П.
|
| 801 |
|
1 |
|a RU
|b 63413507
|c 20140313
|
| 801 |
|
2 |
|a RU
|b 63413507
|c 20150701
|g RCR
|
| 942 |
|
|
|c BK
|